|
|
|
|
| LEADER |
00000naa2a2200000 4500 |
| 001 |
419925 |
| 005 |
20231101073322.0 |
| 035 |
|
|
|a (RuTPU)RU\TPU\prd\77383
|
| 035 |
|
|
|a RU\TPU\prd\19579
|
| 090 |
|
|
|a 419925
|
| 100 |
|
|
|a 20100227a2003 k y0rusy50 ca
|
| 101 |
0 |
|
|a rus
|
| 102 |
|
|
|a RU
|
| 200 |
1 |
|
|a Исследование энергетических и спектральных характеристик генерации красителя в жидкокапельной фазе в присуствии наночастиц
|f В. А. Донченко, Ал. А. Землянов, С. И. Кузнецова
|
| 225 |
1 |
|
|a Оптика и спектроскопия
|
| 320 |
|
|
|a Библиогр.: 10 назв.
|
| 461 |
|
1 |
|0 (RuTPU)RU\TPU\prd\191
|x 0021-3411
|t Известия вузов. Физика
|f Министерство общего и профессионального образования Российской Федерации ; Томский Госуниверситет
|d 1958-
|
| 463 |
|
1 |
|0 (RuTPU)RU\TPU\prd\77369
|t Т. 46, № 9
|v с. 78-80
|d 2003
|
| 610 |
1 |
|
|a флуоресценция красителя
|
| 610 |
1 |
|
|a жидкокапельные фазы
|
| 610 |
1 |
|
|a наночастицы
|
| 610 |
1 |
|
|a энергетические характеристики
|
| 610 |
1 |
|
|a исследование
|
| 610 |
1 |
|
|a спектральные характеристики
|
| 675 |
|
|
|a 535.34
|v 3
|
| 700 |
|
1 |
|a Донченко
|b В. А.
|
| 701 |
|
1 |
|a Землянов
|b Ал. А.
|
| 701 |
|
1 |
|a Кузнецова
|b С. И.
|
| 801 |
|
1 |
|a RU
|b 63413507
|c 20031113
|g PSBO
|
| 801 |
|
2 |
|a RU
|b 63413507
|c 20180404
|g RCR
|
| 942 |
|
|
|c BK
|